Eine Untersuchung über die Eingliederung Südtirols in Italien unter Berücksichtigung von interkulturellen und sprachlichen Aspekten bakalárska práca

Saved in:
Bibliographic Details
Main Author: Eržiak, Patrik
Corporate Author: Fakulta aplikovaných jazykov EU v Bratislave. Katedra jazykovedy a translatológie
Other Authors: Ahlrep, Christian
Format: Book
Language:German
Published: Bratislava 2018
Tags: Add Tag
No Tags, Be the first to tag this record!

MARC

LEADER 00000nbm a2200000 4500
001 0244056
005 20181011091553.7
041 0 |a ger 
044 |a SK 
245 1 0 |a Eine Untersuchung über die Eingliederung Südtirols in Italien unter Berücksichtigung von interkulturellen und sprachlichen Aspekten  |b bakalárska práca  |c Patrik Eržiak ; školiteľ: Christian Ahlrep 
264 1 |a Bratislava  |c 2018 
300 |a 59 s. 
100 1 |a Eržiak, Patrik 
700 1 |a Ahlrep, Christian 
710 2 |a Fakulta aplikovaných jazykov EU v Bratislave. Katedra jazykovedy a translatológie